| 000 | 03278cam a2200505Ia 4500 | ||
|---|---|---|---|
| 001 | 10935896 | ||
| 003 | OSt | ||
| 005 | 20211209114640.0 | ||
| 006 | m o d | ||
| 007 | cr cnu---unuuu | ||
| 008 | 070730s2001 maua ob 001 0 eng d | ||
| 020 | _a0884154815 | ||
| 035 | _a(OCoLC)ocn159938986 | ||
| 035 |
_a(OCoLC)159938986 _z(OCoLC)648304092 |
||
| 035 | _a(NNC)10935896 | ||
| 038 | _akhadija | ||
| 040 |
_aN$T _beng _cN$T _dYDXCP _dOCLCQ _dIDEBK _dE7B _dOCLCQ _dDEBBG _dMERUC _dOCLCQ _dOCLCO _dOCLCQ _dOCLCF _dKNOVL _dZCU _dOCLCO |
||
| 050 | 4 |
_aTP155.7 _b.C655 2001eb |
|
| 072 | 7 |
_aTEC _x009010 _2bisacsh |
|
| 072 | 7 |
_aSCI _x013060 _2bisacsh |
|
| 082 | 0 | 4 |
_a660.281 _222 _bCOK |
| 100 | 1 |
_aCoker, A. Kayode. _986217 |
|
| 245 | 1 | 0 |
_aModeling of Chemical Kinetics and Reactor Design / _cA. Kayode Coker. |
| 260 |
_aBoston, MA : _bGulf Professional Pub., _c2001. |
||
| 300 |
_a1 online resource (xxx, 1096 p.) : _bill. |
||
| 504 | _aIncludes bibliographical references and index. | ||
| 505 | 0 | _aFront Cover; Modeling of Chemical Kinetics and Reactor Design; Copyright Page; Contents; Preface; Introduction; Chapter 1. Reaction Mechanisms and Rate Expressions; Chapter 2. Thermodynamics of Chemical Reactions; Chapter 3. Reaction Rate Expression; Chapter 4. Industrial and Laboratory Reactors; Chapter 5. Introduction to Reactor Design Fundamentals for Ideal Systems; Chapter 6. Non-Isothermal Reactors; Chapter 7. Fluid Mixing in Reactors; Chapter 8. Residence Time Distributions in Flow Reactors; Chapter 9. Models for Non-Ideal Systems | |
| 520 | _aSelecting the best type of reactor for any particular chemical reaction, taking into consideration safety, hazard analysis, scale-up, and many other factors is essential to any industrial problem. An understanding of chemical reaction kinetics and the design of chemical reactors is key to the success of the of the chemist and the chemical engineer in such an endeavor. This valuable reference volume conveys a basic understanding of chemical reactor design methodologies, incorporating control, hazard analysis, and other topics not covered in similar texts. In addition to covering fluid mixing, t. | ||
| 563 | _aHB | ||
| 650 | 0 |
_aChemical processes _xMathematical models. _986218 |
|
| 650 | 0 |
_aChemical reactors _xMathematical models. _986219 |
|
| 650 | 4 |
_aProcesos químicos _xModelos matemáticos. _986220 |
|
| 650 | 4 |
_aReactores químicos _xModelos matemáticos. _986221 |
|
| 650 | 6 |
_aProcédés chimiques _xModèles mathématiques. _986222 |
|
| 650 | 6 |
_aRéacteurs chimiques _xModèles mathématiques. _986223 |
|
| 650 | 7 |
_aTECHNOLOGY & ENGINEERING _xChemical & Biochemical. _2bisacsh _986224 |
|
| 650 | 7 |
_aSCIENCE _xChemistry _xIndustrial & Technical. _2bisacsh _986225 |
|
| 650 | 7 |
_aChemical processes _xMathematical models. _2fast _986218 |
|
| 650 | 7 |
_aChemical reactors _xMathematical models. _2fast _986219 |
|
| 655 | 4 |
_aElectronic books. _986226 |
|
| 776 | 0 | 8 |
_iPrint version: _aCoker, A. Kayode. _tModeling of chemical kinetics and reactor design. _dBoston, MA : Gulf Professional Pub., 2001 _z0884154815 _z9780884154815 _w(DLC) 2001023630 _w(OCoLC)46394740 |
| 856 | 4 | 0 |
_uhttp://www.columbia.edu/cgi-bin/cul/resolve?clio10935896 _zACADEMIC - Chemistry & Chemical Engineering |
| 942 |
_2ddc _cBK |
||
| 999 |
_c32147 _d32147 |
||